Countries that were part of Rio de la Plata - Statistics

General Stats
  • This quiz has been taken 48 times
    35 since last reset
  • The average score is 6 of 7
Answer Stats
Countries % Correct
Argentina
100%
Brazil
100%
Uruguay
96%
Bolivia
93%
Chile
93%
Paraguay
93%
United Kingdom
61%
No matching quizzes found
Score Distribution
Percent of People with Each Score
Percentile by Number Answered
Your Score History
You have not taken this quiz since the last reset